| 000 | 01226cam a22003615a 4500 | ||
|---|---|---|---|
| 001 | 14979832 | ||
| 003 | EG-ScBUE | ||
| 005 | 20221207104500.0 | ||
| 008 | 070817s2007 gw ae f 000 0 eng d | ||
| 020 | _a9783938780213 (hd. bd.) | ||
| 020 | _a3938780215 (hd. bd.) | ||
| 035 | _a(OCoLC)ocn163094642 | ||
| 040 |
_aOHX _beng _erda _cOHX _dBTCTA _dZCU _dBAKER _dYDXCP _dDLC _dEG-ScBUE |
||
| 041 | 1 |
_aeng _hger |
|
| 082 | 0 | 4 |
_a725.23 _bUFF _222 |
| 100 | 1 |
_aUffelen, Chris van, _eauthor. |
|
| 245 | 1 | 0 |
_aOffices / _cChris van Uffelen ; [translation and lectorship, Alice Bayandin]. |
| 250 | _aFirst edition. | ||
| 264 | 1 |
_a[Berlin] : _bBraun, _c2007. |
|
| 300 |
_a432 pages : _billustrations (some color), plans ; _c30 cm |
||
| 336 |
_2rdacontent _atext _btxt |
||
| 337 |
_2rdamedia _aunmediated _bn |
||
| 338 |
_2rdacarrier _avolume _bnc |
||
| 546 | _aText in English ; translated from the original Germany. | ||
| 650 | 7 |
_aOffice buildings. _2BUEsh _937692 |
|
| 650 | 7 |
_aArchitecture, Modern _y20th century. _2BUEsh |
|
| 650 | 7 |
_aArchitecture, Modern _y21st century. _2BUEsh |
|
| 651 | _2BUEsh | ||
| 653 |
_bENGARC _cOctober2016 |
||
| 655 | _vReading book | ||
| 700 | 1 |
_aBayandin, Alice, _etranslator. _97981 |
|
| 942 |
_2ddc _cBB |
||
| 999 |
_c22567 _d22539 |
||